| 000 | 00415nam a2200181Ia 4500 | ||
|---|---|---|---|
| 001 | 14845 | ||
| 005 | 20260306164944.0 | ||
| 008 | 260306t2012||||xx |||||||||||||| ||spa|| | ||
| 041 | _aESP | ||
| 082 |
_a519.5 _bA59A |
||
| 100 |
_aAnderson, David R. _eAUT |
||
| 245 | 0 | _aEstadÃstica para negocios y economÃa | |
| 260 | _c2012 | ||
| 300 |
_a _c |
||
| 650 | _aGEN | ||
| 654 | _aCMA | ||
| 942 |
_cLIB _dJUS _fJUS _2ddc _n |
||
| 999 |
_c14845 _d14845 |
||